000 00747cam a22002413a 4500
001 17058
003 PGUSA
005 20140828083349.0
008 051113s2005||||xxu|||||s|||||000 1 eng d
040 _aPGUSA
_beng
042 _adc
050 4 _aPZ
100 1 _aDurham, Victor G.
245 1 4 _aThe Submarine Boys' Lightning Cruise :
_bThe Young Kings of the Deep
_h[electronic resource] /
_cVictor G. Durham
260 _bProject Gutenberg,
_c2005
506 _aPublic domain in the USA.
516 _aElectronic text
653 _aSubmarines (Ships) -- Juvenile fiction
653 _aAdventure and adventurers -- Juvenile fiction
830 0 _aProject Gutenberg
_v17058
856 4 0 _uhttp://www.gutenberg.org/ebooks/17058
942 _cEB
999 _c246313
_d246313